Makroekonomika planovoj i predprinimatel'skoj sistemy. Eksperimental'nyj speckurs.

Prvá časť experimentálneho špeciálneho kurzu "Makroekonomika plánového a podnikateľského systému", ktorý autor prednáša na MGU. Obsah celého kurzu: Úvod. Sovietska makroekonomika v minulosti a v budúcnosti. I.: Inovačné faktory ekonomického rastu. II.: Investičné faktory ekonomického rastu. III.: Ek...

Descrizione completa

Salvato in:
Dettagli Bibliografici
Autore principale: Fal'cman, V.
Natura: Capitolo di libro
Lingua:russo
Soggetti:
Tags: Aggiungi Tag
Nessun Tag, puoi essere il primo ad aggiungerne!!

MARC

LEADER 00000naa a2200000 4500
001 r006343
005 20221130102910.7
041 0 |a rus 
044 |a [SU] 
245 1 0 |a Makroekonomika planovoj i predprinimatel'skoj sistemy.  |b Eksperimental'nyj speckurs.  |c V. Fal'cman 
520 |a Prvá časť experimentálneho špeciálneho kurzu "Makroekonomika plánového a podnikateľského systému", ktorý autor prednáša na MGU. Obsah celého kurzu: Úvod. Sovietska makroekonomika v minulosti a v budúcnosti. I.: Inovačné faktory ekonomického rastu. II.: Investičné faktory ekonomického rastu. III.: Ekonomický rast. V uverejnenom Úvode autor ukazuje, že analýza makroekonomiky ZSSR musí vychádzať z dvoch systémov - plánového a podnikateľského. 
610 2 0 |a makroekonomika 
610 2 0 |a vyučovanie 
610 2 0 |a rast hospodársky 
610 2 0 |a investície 
610 2 0 |a inovácia 
610 2 0 |a inflácia 
610 2 0 |a bohatstvo národné 
610 2 0 |a hospodárstvo plánované 
610 2 0 |a hospodárstvo trhové 
610 2 0 |a odbory študijné 
610 2 0 |a Spoločenstvo nezávislých štátov 
610 2 0 |a univerzity 
100 1 |a Fal'cman, V.